书目信息 |
| 题名: |
信息技术教学参考书(第二版)小学1.2册
|
|
| 作者: | 周美瑞 主编 | |
| 分册: | ||
| 出版信息: | 北京 清华大学 2003 |
|
| 页数: | 128 | |
| 开本: | 26cm | |
| 丛书名: | ||
| 单 册: | ||
| 中图分类: | TP3-05 | |
| 科图分类: | ||
| 主题词: | 计算技术 , 电子计算机 | |
| 电子资源: | ||
| ISBN: | 7-302-07020-2 | |
| 000 | 00591nam0 2200193 450 | |
| 001 | 0737190390 | |
| 005 | 20070818101950.39 | |
| 010 | @a7-302-07020-2 | |
| 100 | @a20070818d km y0chiy0120 ea | |
| 101 | 0 | @achi |
| 200 | 1 | @a信息技术教学参考书(第二版)小学1.2册@Axin xi ji shu jiao xue can kao shu(di er ban)xiao xue 1.2 ce@f周美瑞主编@Fzhou mei rui zhu bian |
| 210 | @a北京@c清华大学@d2003 | |
| 215 | @a128@d26cm | |
| 606 | 0 | @a计算技术 |
| 606 | 0 | @a电子计算机 |
| 690 | @aTP3-05@v3 | |
| 701 | 0 | @a周美瑞@Azhou mei rui@4主编 |
| 801 | 0 | @aCN@bPFT@c20070818 |
| 905 | @a213230@dTP3-05@eJ119ZM@f1 | |
| 信息技术教学参考书(第二版)小学1.2册/周美瑞主编.-北京:清华大学,2003 |
| 128;26cm |
| ISBN 7-302-07020-2: |
| ● |
| 相关链接 |
|
|
|
|
正题名:信息技术教学参考书(第二版)小学1.2册
索取号:TP3-05/J119ZM
 
预约/预借
| 序号 | 登录号 | 条形码 | 馆藏地/架位号 | 状态 | 备注 |
| 1 | 6101629 | 261016297 | 密集书库—计算机科学学院/ [索取号:TP3-05/J119ZM] | 在馆 |